000 00420nam a22001697a 4500
999 _c3290
_d3247
008 190314b ||||| |||| 00| | eng d
020 _a9750706838
041 _atur
050 _aPL248.E58
100 _9935
_aEray, Nazlı
245 _aEkmek Arası Rüya
250 _a1. Baskı
260 _aİstanbul:
_bCan Yayınları,
_cKasım 2006
300 _a159 Sayfa
650 0 _9145
_aTürk Edebiyatı
942 _2lcc
_cBK